MARC

LEADER 00000nam0a2200000 4500
001 363474
005 20231102011607.0
035 |a (RuTPU)RU\TPU\retro\20821 
090 |a 363474 
100 |a 20211001d1980 k y0rusy50 ca 
101 0 |a rus 
102 |a RU 
105 |a a z 001zy 
200 1 |a Геология и полезные ископаемые мезо-кайнозойских образований Кольского полуострова  |f Академия наук СССР, Кольский научный центр, Геологический институт ; под ред. А. П. Афанасьева 
210 |a Апатиты  |c Изд-во Кольского филиала АН СССР  |d 1980 
215 |a 160 с.  |c ил. 
320 |a Библиогр.: с. 149-154 
606 1 |a Геология  |2 stltpush  |3 (RuTPU)RU\TPU\subj\6095  |9 34054 
606 1 |a Полезные ископаемые  |x Геология  |2 stltpush  |3 (RuTPU)RU\TPU\subj\50069  |9 68818 
610 1 |a кайнозойские образования 
610 1 |a Кольский полуостров 
610 1 |a мезозойские отложения 
610 1 |a коры выветривания 
610 1 |a россыпи 
610 1 |a каолины 
610 1 |a Скандинавское материковое оледенение 
675 |a 55  |v 4 
675 |a 553  |v 4 
702 1 |a Афанасьев  |b А. П.  |4 340 
712 0 2 |a Академия наук СССР  |b Кольский научный центр  |b Геологический институт  |c (Апатиты)  |2 stltpush  |3 (RuTPU)RU\TPU\col\18176  |9 26923 
801 1 |a RU  |b 63413507  |c 20211001 
942 |c BK